000 00636nam a2200217Ia 4500
005 20250508162741.0
008 008 250505s9999 xx 000 0 eng d
020 _a0 -86131- 829 -3
037 _aTextBook
040 _aFEDL
_beng
_cFEDL
041 _aeng
_2eng
084 _a305.4, NEH
_qFEDL
100 _aChanana Karuna Ed.
_9309879
245 0 _aSocialisation education and women : Explorations in gender identity
260 _aNew Delhi, India
_bOrient Longman
_c1988
300 _a320p
365 _aINR
_b150
650 _aSocial Group-Women
_9773978
942 _cTB
_h305.4, NEH
999 _c1378482
_d1378482